| 000 | 00683nam a22002531 4500 | ||
|---|---|---|---|
| 001 | 28262 | ||
| 003 | BD-RjUL | ||
| 005 | 20211209051246.0 | ||
| 008 | 140330r19561955enk 001 0 eng | ||
| 035 | _a(BD-RjUL)28343 | ||
| 035 | _a(OCoLC)1382917 | ||
| 040 |
_aDLC _cFO _dOCoLC _dUk _dDLC _dBD-RjUL _beng |
||
| 041 | _aeng | ||
| 082 |
_a962 _bJAP 1956 |
||
| 100 | 1 |
_aJarvis, H. Wood. _986554 |
|
| 245 | 1 | 0 |
_aPharaoh to Farouk / _cWith assistance from Walter W. Skeat. |
| 260 |
_aLondon : _bJ.Murray, _c1956. |
||
| 300 |
_aviii, 298 p. ; _c22 cm. |
||
| 504 | _aIncludes index. | ||
| 651 | 0 |
_aEgypt _xHistory. _986555 |
|
| 942 |
_2ddc _cBK |
||
| 999 |
_c28262 _d28262 |
||